Cvičebnice ruštiny pro filology - neruštináře. [Díl] 1, Texty, lexikální poznámky a cvičení /

Main Author: Brož, Ladislav, 1922-
Language: Czech
Published: Praha : Státní pedagogické nakladatelství, 1987
Edition: 1. vyd.
Series: Učební texty vysokých škol
Physical Description: 269 s.
Book
Saved in:
LEADER 01424nam a22003372a 4500
001 000300832
003 CZ BrMZK
005 20071205094841.0
007 ta
008 980107s1987 xr f cze d
015 |a cnb000037610 
035 |a (OCoLC)39416431 
040 |a BOA001  |b cze 
080 9 |a 808.2(075.8) 
100 1 |a Brož, Ladislav,  |d 1922-  |7 jk01013217  |4 aut 
245 1 0 |a Cvičebnice ruštiny pro filology - neruštináře.  |n [Díl] 1,  |p Texty, lexikální poznámky a cvičení /  |c Ladislav Brož 
246 3 0 |a Texty, lexikální poznámky a cvičení 
250 |a 1. vyd. 
260 |a Praha :  |b Státní pedagogické nakladatelství,  |c 1987 
300 |a 269 s. 
490 1 |a Učební texty vysokých škol 
504 |a Obsahuje bibliografii 
810 2 |a Univerzita Karlova.  |b Filozofická fakulta.  |t Učební texty  |0 s 
910 |a BOA001  |b PK-N-0026.613,1  |b 4-0928.721,1 
920 |a 000341830 
964 |a Ruština - cvičení - učebnice - školy vysoké 
990 |a BK 
996 7 |b 2619785168  |c 4-0928.721,1  |l MZK  |r Sklad / do 1 hodiny  |n 3  |w 000300832  |u 000030  |a 1  |e BOA001  |j MZK50  |s A 
996 7 |b 2619809572  |c 4-0928.721,1  |l MZK  |r Sklad / do 1 hodiny  |n 3  |w 000300832  |u 000020  |a 1  |e BOA001  |j MZK50  |s A 
996 7 |b 3119922464  |c PK-N-0026.613/1  |l MZK  |r Sklad / do 1 hodiny  |n 1  |w 000300832  |u 000010  |a 1  |e BOA001  |j MZK50  |s A 
996 6 |b 341830-10  |c 4-0928.721,1  |l MZK  |r Sklad / do 1 hodiny  |n 0  |w 000300832  |u 000040  |a 1  |e BOA001  |j MZK50  |s P